Yola (Record no. 38209)

MARC details
000 -LEADER
fixed length control field 00507nam a2200157Ia 4500
022 ## - INTERNATIONAL STANDARD SERIAL NUMBER
ISSN T 173.Y6778 .F43/
050 ## - CALL MARK
Classification number Futy news
245 #0 - TITLE STATEMENT
Title Yola
260 ## - PUBLICATION, DISTRIBUTION, ETC. (IMPRINT)
Place of publication Information and Protocol Unit, VC's Office, Federal University of Technology
260 ## - PUBLICATION, DISTRIBUTION, ETC. (IMPRINT)
Name of publisher 2011
260 ## - PUBLICATION, DISTRIBUTION, ETC. (IMPRINT)
Year of publication v. , 41 p. : ill. ; 30 cm.
300 ## - PHYSICAL DESCRIPTION
Number of Pages Federal University of Technology, Yola--Periodicals. Technical education--Nigeria--Periodicals.
650 ## - SUBJECT ADDED ENTRY--TOPICAL TERM
Topical Term SR

No items available.